Statistiken für Städte mit "M"

Klicken Sie hier um das Quiz zu spielen!

Allgemein

  • Dieses Quiz wurde 30 mal gespielt
  • Das Durchschnittsergebnis liegt bei 23 aus 57

Antwortstatistiken

LandStadt% Korrekt
Deutschland 🇩🇪München
92%
Monaco 🇲🇨Monaco
88%
Belarus 🇧🇾Minsk
81%
Russland 🇷🇺Moskau
81%
Italien 🇮🇹Mailand
77%
Frankreich 🇫🇷Marseille
77%
Kanada 🍁Montreal
77%
Spanien 🇪🇸Madrid
73%
Philippinen 🇵🇭Manila
73%
Deutschland 🇩🇪Mannheim
73%
Australien 🌏Melbourne
73%
Schweden 🇸🇪Malmö
69%
Mexiko 🇲🇽Mexiko - Stadt
69%
Uruguay 🇺🇾Montevideo
69%
Deutschland 🇩🇪Münster
65%
Deutschland 🇩🇪Magdeburg
62%
Deutschland 🇩🇪Mainz
62%
Malediven 🇲🇻Male
62%
Großbritannien 🇬🇧Manchester
58%
Slowenien 🇸🇮Marburg
58%
Marokko 🇲🇦Marrakesch
58%
Bahrain 🇧🇭Manama
50%
Deutschland 🇩🇪Mönchengladbach
50%
Oman 🇴🇲Maskat
46%
Somalia 🇸🇴Mogadischu
46%
Niederlande 🇳🇱Maastricht
42%
Nicaragua 🇳🇮Managua
42%
Saudi-Arabien 🇸🇦Mekka
42%
Kenia 🇰🇪Mombasa
38%
Mosambik 🇲🇿Maputo
35%
EswatiniMbabane
35%
Saudi-Arabien 🇸🇦Medina
35%
USA 🇺🇸Miami
35%
Äquatorialguinea 🇬🇶Malabo
31%
Brasilien 🇧🇷Manaus
31%
Liberia 🇱🇷Monrovia
31%
Komoren 🇰🇲Moroni
31%
Lesotho 🇱🇸Maseru
27%
Deutschland 🇩🇪Memmingen
27%
Deutschland 🇩🇪Meißen
23%
Frankreich 🇫🇷Metz
23%
Marshallinseln 🇲🇭Majuro
19%
Österreich 🇦🇹Melk
15%
USA 🇺🇸Memphis
15%
Deutschland 🇩🇪Merseburg
15%
Irak 🇮🇶Mosul
15%
Belgien 🇧🇪Mons
12%
Russland 🇷🇺Murmansk
12%
Frankreich 🇫🇷Mülhausen
8%
Italien 🇮🇹Mantua
4%
Tschechien 🇨🇿Marienbad
4%
Deutschland 🇩🇪Merzig
4%
Indien 🇮🇳Madurai
0%
Deutschland 🇩🇪Marktredwitz
0%
Argentinien 🇦🇷Mendoza
0%
Tschechien 🇨🇿Mlada Boleslav
0%
Deutschland 🇩🇪Moritzburg
0%

Verteilung der Resultate

Perzentil nach korrekt beantworteten Fragen

Anzahl Personen mit jedem Resultat

Ihre Resultats-Entwicklung

Sie haben dieses Quiz noch nicht gespielt